Central Library OPAC University of Rajshahi

Advances in semi-conductor science : (Record no. 9316)

MARC details
000 -LEADER
fixed length control field 00883nam a2200241 a 4500
001 - CONTROL NUMBER
control field 9316
003 - CONTROL NUMBER IDENTIFIER
rucl marc code BD-RjUL
005 - DATE AND TIME OF LATEST TRANSACTION
control field 20211208234745.0
008 - FIXED-LENGTH DATA ELEMENTS--GENERAL INFORMATION
fixed length control field 140120s1959 enk 001 0 eng
035 ## - SYSTEM CONTROL NUMBER
System control number (BD-RjUL)9361
040 ## - CATALOGING SOURCE
Original cataloging agency DLC
Transcribing agency OCP
Modifying agency BD-RjUL
Language of cataloging eng
041 ## - LANGUAGE CODE
Language code of text/sound track or separate title eng
082 00 - DEWEY DECIMAL CLASSIFICATION NUMBER
Classification number 537.622
Author mark and year BAA 1959
Edition number 23
100 ## - MAIN ENTRY--PERSONAL NAME
Personal name Bardeen, J.
9 (RLIN) 212667
245 10 - TITLE STATEMENT
Title Advances in semi-conductor science :
Remainder of title the proceedings of the third international conference on semi-conductors held at the university of rochester, U.S.A. August 18-22 /
Statement of responsibility, etc. Conference chairman: J. Bardeen. General editor: H. Brooks
260 ## - PUBLICATION, DISTRIBUTION, ETC. (IMPRINT)
Place of publication, distribution, etc. London :
Name of publisher, distributor, etc. Pergamon Press,
Date of publication, distribution, etc. 1959.
300 ## - PHYSICAL DESCRIPTION
Pagination ix, 553 p. :
Illustrations ill. ;
Size 26 cm.
504 ## - BIBLIOGRAPHY, ETC. NOTE
Bibliography, etc Includes bibliographies and index.
650 #0 - SUBJECT ADDED ENTRY--TOPICAL TERM
Topical term or geographic name as entry element Semiconductors
Form subdivision Congresses.
9 (RLIN) 28029
700 ## - ADDED ENTRY--PERSONAL NAME
Personal name Brooks, H. ;General editor
942 ## - ADDED ENTRY ELEMENTS (KOHA)
Source of classification or shelving scheme Dewey Decimal Classification
Koha item type Books
Holdings
Lost status Source of classification or shelving scheme Damaged status Not for loan Collection code Permanent Location Current Location Shelving location Date acquired Source of acquisition Total Checkouts Full call number Date last seen Copy number Koha item type
  Dewey Decimal Classification   Not For Loan Non-fiction Central Library, University of Rajshahi Central Library, University of Rajshahi Reading Room 22/10/1968 Zeitlinger   537.622 BAA 1959 20/01/2014 C-1 Books
  Dewey Decimal Classification     Non-fiction Central Library, University of Rajshahi Central Library, University of Rajshahi   22/10/1968 Zeithenger   537.622 BAA 1959 09/05/2017 C-2 Books